Sikh-Muslim Relations/ (Record no. 216706)

MARC details
000 -LEADER
fixed length control field 00624nam a22002057a 4500
005 - DATE AND TIME OF LATEST TRANSACTION
control field 20260617104315.0
010 ## - LCCN (DPL NO)
LC control number ENG-148872
020 ## - INTERNATIONAL STANDARD BOOK NUMBER
International Standard Book Number 9788192075389
Terms of availability 200.00
035 ## - SYSTEM CONTROL NUMBER
System control number EN-132404
037 ## - SOURCE OF ACQUISITION
Source of stock number/acquisition DBAD
082 ## - DEWEY DECIMAL CLASSIFICATION NUMBER
Classification number 260
Edition number 1
100 ## - MAIN ENTRY--PERSONAL NAME
Personal name Nishter,Nanak Singh
245 ## - TITLE STATEMENT
Title Sikh-Muslim Relations/
Statement of responsibility, etc by Nanak Singh, Nishter
260 ## - PUBLICATION, DISTRIBUTION, ETC. (IMPRINT)
Place of publication, distribution, etc Hyderabad
Name of publisher, distributor, etc International Sikh Centre For Interfaith Relations
Date of publication, distribution, etc 2015
270 ## - ADDRESS
Address Sant Bhawan, 15-3-137,Gowliguda Chaman,Hyderabad
City Hyderabad
Postal code 500012
300 ## - PHYSICAL DESCRIPTION
Extent 232p.
Dimensions 21cm(Pb)
700 ## - ADDED ENTRY--PERSONAL NAME
9 (RLIN) 87103
760 ## - MAIN SERIES ENTRY
Edition 1
942 ## - ADDED ENTRY ELEMENTS (KOHA)
Source of classification or shelving scheme Dewey Decimal Classification
Item type English Books
Classification part 260
Call number suffix NIS
Holdings
Withdrawn status Lost status Not for loan Collection code Home library Current library Date acquired Source of acquisition Cost, normal purchase price Full call number Barcode Copy number Cost, replacement price Koha item type
    Not For Loan Non-fiction D.B.Act.Division D.B.Act.Division 17/06/2026 DBAD 200.00 260 NIS EN-132404 1 200.00 English Books

© Delhi Public Library
Hit Counter
free hit counter